<?xml version="1.0" encoding="UTF-8"?>
<record
    xmlns:xsi="http://www.w3.org/2001/XMLSchema-instance"
    xsi:schemaLocation="http://www.loc.gov/MARC21/slim http://www.loc.gov/standards/marcxml/schema/MARC21slim.xsd"
    xmlns="http://www.loc.gov/MARC21/slim">

  <leader>00745nam a2200205Ia 4500</leader>
  <datafield tag="952" ind1=" " ind2=" ">
    <subfield code="0">0</subfield>
    <subfield code="1">0</subfield>
    <subfield code="2">lcc</subfield>
    <subfield code="4">0</subfield>
    <subfield code="7">0</subfield>
    <subfield code="a">21</subfield>
    <subfield code="b">21</subfield>
    <subfield code="d">2018-08-09</subfield>
    <subfield code="l">15</subfield>
    <subfield code="o">RC454 D8718 2001</subfield>
    <subfield code="p">21 000097</subfield>
    <subfield code="r">2023-10-02</subfield>
    <subfield code="s">2023-09-26</subfield>
    <subfield code="t">1</subfield>
    <subfield code="w">2012-07-20</subfield>
    <subfield code="y">LB</subfield>
  </datafield>
  <datafield tag="999" ind1=" " ind2=" ">
    <subfield code="c">83128</subfield>
    <subfield code="d">83128</subfield>
  </datafield>
  <controlfield tag="008">120721s2001    mx a          000 0 spa d</controlfield>
  <datafield tag="020" ind1=" " ind2=" ">
    <subfield code="a">9706860460</subfield>
  </datafield>
  <datafield tag="050" ind1="0" ind2="4">
    <subfield code="a">RC454 </subfield>
    <subfield code="b">D8718 2001</subfield>
  </datafield>
  <datafield tag="100" ind1=" " ind2=" ">
    <subfield code="a">Durand, V. Mark</subfield>
  </datafield>
  <datafield tag="245" ind1="1" ind2="0">
    <subfield code="a">Psicolog&#xED;a anormal</subfield>
    <subfield code="b">: un enfoque integral </subfield>
    <subfield code="c">/ David H. Barlow, V. Mark Durand.</subfield>
  </datafield>
  <datafield tag="260" ind1=" " ind2=" ">
    <subfield code="a">M&#xE9;xico</subfield>
    <subfield code="b"> : Thomson Learning</subfield>
    <subfield code="c">, 2001</subfield>
  </datafield>
  <datafield tag="300" ind1=" " ind2=" ">
    <subfield code="a">xxvi, 583 p. </subfield>
    <subfield code="b">: il. </subfield>
    <subfield code="c">26 cm.</subfield>
  </datafield>
  <datafield tag="500" ind1=" " ind2=" ">
    <subfield code="a">Traducci&#xF3;n de: Abnormal psychology.</subfield>
  </datafield>
  <datafield tag="504" ind1=" " ind2=" ">
    <subfield code="a">Incluye referencias bibliogr&#xE1;ficas e &#xED;ndice.</subfield>
  </datafield>
  <datafield tag="519" ind1=" " ind2=" ">
    <subfield code="a">Plan Flexible /</subfield>
    <subfield code="b">Psicolog&#xED;a /</subfield>
    <subfield code="c">Enfermedades psicosom&#xE1;ticas II	(P12-3) /  </subfield>
    <subfield code="d">(21 000097)</subfield>
  </datafield>
  <datafield tag="650" ind1=" " ind2="0">
    <subfield code="a">PSICOPATOLOG&#xCD;A</subfield>
  </datafield>
  <datafield tag="650" ind1=" " ind2="0">
    <subfield code="a">ENFERMEDADES MENTALES</subfield>
  </datafield>
  <datafield tag="700" ind1=" " ind2=" ">
    <subfield code="a">Barlow, David H.</subfield>
  </datafield>
  <datafield tag="942" ind1=" " ind2=" ">
    <subfield code="2">lcc</subfield>
    <subfield code="c">LB</subfield>
  </datafield>
</record>
